000 00447nam a22001691a 4500
020 _a9780195648225
082 _a305.568 8
_bKSS/S
100 _aK S Singh
245 _aThe Scheduled Castes/
_cby K S Singh
260 _aNew Delhi:
_bOxford University Press,
_c2012.
300 _a1375p.
490 _aPeople of India National Series;vol.2
650 _aScheduled Castes India
650 _aDalit
650 _aSocial Sciences
942 _cBK
999 _c179569
_d179569